20 tahun Partai Buruh Albania. (Record no. 61580)

MARC details
000 -LEADER
fixed length control field 00575cam a22002051 4500
001 - CONTROL NUMBER
control field sa 65000513
003 - CONTROL NUMBER IDENTIFIER
control field DLC
005 - DATE AND TIME OF LATEST TRANSACTION
control field 20260227112103.0
008 - FIXED-LENGTH DATA ELEMENTS--GENERAL INFORMATION
fixed length control field 890317s1962 io 000 0 ind
010 ## - LIBRARY OF CONGRESS CONTROL NUMBER
LC control number sa 65000513
035 ## - SYSTEM CONTROL NUMBER
System control number (OCoLC)23559240
040 ## - CATALOGING SOURCE
Original cataloging agency DLC
Transcribing agency MiU
Modifying agency DLC
050 00 - LIBRARY OF CONGRESS CALL NUMBER
Classification number JN9689.A8
Item number P37
100 1# - MAIN ENTRY--PERSONAL NAME
Personal name Hoxha, Enver,
Dates associated with a name 1908-1985.
245 00 - TITLE STATEMENT
Title 20 tahun Partai Buruh Albania.
246 3# - VARYING FORM OF TITLE
Title proper/short title Dua puluh tahun Partai Buruh Albania
260 ## - PUBLICATION, DISTRIBUTION, ETC.
Place of publication, distribution, etc. Djakarta,
Name of publisher, distributor, etc. Jajasan Pembaruan,
Date of publication, distribution, etc. 1962.
300 ## - PHYSICAL DESCRIPTION
Extent 80 p.
Dimensions 20 cm.
610 20 - SUBJECT ADDED ENTRY--CORPORATE NAME
Corporate name or jurisdiction name as entry element Partia e Punës së Shqipërisë.

No items available.

Powered by Koha